Trenerzy FC Liverpool - nagła śmierć - Statystyki

Ogólne statystyki
  • Ten quiz został rozwiązany 189 razy
  • Średni wynik to 6 z 8
Answers on the Grid
Answers color-coded by a green-red scale on the quiz's grid according to % correct below.
Jürgen Klopp
Carlo Ancelotti
Arne Slot
José Mourinho
Diego Simeone
Rafael Benítez
Sir Alex Ferguson
Luis Enrique
Brendan Rodgers
Roberto De Zerbi
Kenny Dalglish
Marcelo Bielsa
Roy Hodgson
Erik ten Hag
Gérard Houllier
Roy Evans
 
Statystyki odpowiedzi
Odpowiedź % Poprawnych
Jürgen Klopp
99%
Arne Slot
93%
Rafael Benítez
90%
Kenny Dalglish
84%
Brendan Rodgers
79%
Roy Hodgson
72%
Gérard Houllier
65%
Roy Evans
62%
Nie znaleziono quizów pasujących do podanych kryteriów
Rozkład punktacji
Procent ludzi z każdym wynikiem
Percentyl według liczby udzielonych odpowiedzi
Twoja historia wyników
Nie rozwiązałeś tego quizu